Cambridge skills for fluency: Speaking 3 ( cassette )

保存先:
書誌詳細
第一著者: Joanne Collie
フォーマット: 図書
言語:Undetermined
出版事項: Cambridge, UK Cambridge Univ. Press 1993
主題:
タグ: タグ追加
タグなし, このレコードへの初めてのタグを付けませんか!
Thư viện lưu trữ: Trung tâm Học liệu Trường Đại học Cần Thơ
LEADER 00597nam a2200205Ia 4500
001 CTU_57723
008 210402s9999 xx 000 0 und d
020 |b 84000 
082 |a 428.34 
082 |b C699/T3 
100 |a Joanne Collie 
245 0 |a Cambridge skills for fluency: Speaking 3 ( cassette ) 
245 0 |c Joanne Collie and Stephen Slater 
260 |a Cambridge, UK 
260 |b Cambridge Univ. Press 
260 |c 1993 
650 |a english language 
650 |x study and teaching,foreign speakers 
904 |i Minh 
980 |a Trung tâm Học liệu Trường Đại học Cần Thơ